书目信息 |
| 题名: |
色彩搭配原理与技巧
|
|
| 作者: | 范文东 编著 | |
| 分册: | ||
| 出版信息: | 北京 人民美术出版社 2006 |
|
| 页数: | 238页 | |
| 开本: | 29cm | |
| 丛书名: | ||
| 单 册: | ||
| 中图分类: | J063 | |
| 科图分类: | ||
| 主题词: | 色彩--配色 , 配色 , 色彩 | |
| 电子资源: | ||
| ISBN: | 7-102-03709-0 | |
| 000 | 00857nam0 2200253 450 | |
| 001 | 140429 | |
| 005 | 20140928151004.07 | |
| 010 | @a7-102-03709-0@dCNY 66.00 | |
| 100 | @a20060529d2006 em y0chiy50 ea | |
| 101 | 0 | @achi |
| 102 | @aCN@b110000 | |
| 105 | @aa z 000yy | |
| 200 | 1 | @a色彩搭配原理与技巧@Ase cai da pei yuan li yu ji qiao@b专著@dPrinciples & techniques for color co-ordination@f范文东编著@zeng |
| 210 | @a北京@c人民美术出版社@d2006 | |
| 215 | @a238页@c彩图@d29cm | |
| 330 | @a本书阐述色彩搭配原理与技巧,谈到了色彩的产生、联想、美学原理、风格等方面,对色彩进行了深入浅出的分析。 | |
| 510 | 1 | @aPrinciples & techniques for color co-ordination@zeng |
| 606 | 0 | @a色彩@x配色 |
| 606 | 0 | @a配色 |
| 606 | 0 | @a色彩 |
| 690 | @aJ063@v4 | |
| 701 | 0 | @a范文东@Afan wen dong@c(美术)@4编著 |
| 801 | 0 | @c20140928 |
| 905 | @a241430@dJ063@eF1401 | |
| 色彩搭配原理与技巧=Principles & techniques for color co-ordination/范文东编著.-北京:人民美术出版社,2006 |
| 238页:彩图;29cm |
| ISBN 7-102-03709-0:CNY 66.00 |
| 本书阐述色彩搭配原理与技巧,谈到了色彩的产生、联想、美学原理、风格等方面,对色彩进行了深入浅出的分析。 |
| ● |
| 相关链接 |
|
|
|
正题名:色彩搭配原理与技巧
索取号:J063/F1401
 
预约/预借
| 序号 | 登录号 | 条形码 | 馆藏地/架位号 | 状态 | 备注 |
| 1 | 0835135 | 208351353 | 自科二线404/309社科库 64排2列2层/ [索取号:J063/F1401] | 在馆 | |
| 2 | 0835136 | 208351362 | 社科库309/309社科库 64排2列2层/ [索取号:J063/F1401] | 在馆 | |
| 3 | 0835137 | 208351371 | 社科库309/309社科库 64排2列2层/ [索取号:J063/F1401] | 在馆 |